Guess the Gracie Abrams song with no hint #1 - Statistics

General Stats
  • This quiz has been taken 126 times
  • The average score is 186 of 295
Answer Stats
Answer % Correct
I
99%
You
95%
A
91%
The
84%
To
84%
An
83%
And
83%
Me
80%
We
80%
Do
78%
It
78%
So
78%
When
76%
Your
75%
My
74%
I’m
71%
Know
71%
In
70%
Don’t
68%
That
68%
All
67%
Is
67%
Knew
67%
Could
66%
How
66%
Of
66%
For
64%
Not
64%
Now
64%
On
64%
Was
63%
Did
62%
Have
61%
But
59%
Can’t
59%
By
57%
Ever
57%
Get
57%
I’d
57%
Sorry
57%
What
57%
At
55%
If
55%
Just
55%
Thought
55%
Had
54%
Never
54%
Think
54%
Down
53%
Even
53%
It’s
53%
Feel
51%
Right
51%
Told
51%
Would
51%
About
50%
Called
50%
You’d
50%
Other
49%
Out
49%
Wanted
49%
Talk
47%
Each
46%
Dark
45%
Deal
45%
Or
45%
Place
45%
Plans
45%
Alone
43%
Both
43%
Loved
43%
Night
43%
Thing
43%
Well
43%
With
43%
Wrong
43%
Consider
42%
Cry
42%
From
42%
Pretend
42%
Idea
41%
Won
41%
Ages
39%
Changed
39%
Daily
39%
Fault
39%
Haven’t
39%
I’ve
39%
Kind
39%
Let
39%
Lost
39%
Mean
39%
Meet
39%
Sort
39%
Blow
38%
Killed
38%
Swear
38%
God
37%
Hard
37%
Baby
36%
Heard
36%
Lived
36%
Makes
36%
Sad
36%
Almost
34%
Calm
34%
Lot
34%
Really
34%
Sit
34%
Sometimes
34%
Trophy
34%
Wanna
34%
Weather
34%
Entertainment
33%
Faced
33%
Fact
33%
House
33%
Planet
33%
Pretty
33%
Rain
33%
Stand
33%
Sure
33%
Cheered
32%
Loud
32%
Outside
32%
Until
32%
Yourself
32%
Aren’t
30%
Empty
30%
Ground
30%
Loudest
30%
Step
30%
Waited
30%
Write
30%
Apologies
29%
Noise
29%
Understand
28%
Earnestly
26%
No matching quizzes found
Score Distribution
Percent of People with Each Score
Percentile by Number Answered
Your Score History
You have not taken this quiz